Apuntes para una biblioteca de escritores españoles contemporáneos en prosa y verso / (Record no. 160877)

MARC details
000 -LEADER
campo de control de longitud fija 00932nam a2200241 4500
001 - NÚMERO DE CONTROL
campo de control 160877
003 - IDENTIFICADOR DE NÚMERO DE CONTROL
campo de control ES-MaACL
005 - FECHA Y HORA DE LA ÚLTIMA TRANSACCIÓN
campo de control 20230906212139.0
008 - DATOS DE LONGITUD FIJA--INFORMACIÓN GENERAL
campo de control de longitud fija 010403s1840 fr |||| |cspa d
040 ## - FUENTE DE CATALOGACIÓN
Centro catalogador/agencia de origen CCPB | B
Lengua de catalogación spa
Centro/agencia transcriptor CCPB | B
080 ## - NÚMERO DE LA CLASIFICACIÓN DECIMAL UNIVERSAL
Número de la Clasificación Decimal Universal 821.134.2"18"
100 1# - ENTRADA PRINCIPAL--NOMBRE DE PERSONA
Nombre de persona Ochoa, Eugenio de.
9 (RLIN) 86476
245 10 - MENCIÓN DEL TÍTULO
Título Apuntes para una biblioteca de escritores españoles contemporáneos en prosa y verso /
Mención de responsabilidad, etc. por Eugenio de Ochoa.
260 ## - PUBLICACIÓN, DISTRIBUCIÓN, ETC.
Lugar de publicación, distribución, etc. Paris :
Nombre del editor, distribuidor, etc. Baudry, Librería Europea,
Fecha de publicación, distribución, etc. 1840 (
Fabricante Fain y Thunot)
300 ## - DESCRIPCIÓN FÍSICA
Extensión 2 v. (III, 540 p. ; 800 p.) ;
Dimensiones 23 cm.
490 1# - MENCIÓN DE SERIE
Mención de serie Colección de los mejores autores españoles ;
Designación de volumen o secuencia 23-24
597 ## - NOTA DE DESCRIPCIÓN FÍSICA
NOTA DE DESCRIPCIÓN FÍSICA Retrato de A. Lista.
650 #4 - PUNTO DE ACCESO ADICIONAL DE MATERIA--TÉRMINO DE MATERIA
Término de materia o nombre geográfico como elemento de entrada Escritores-
Subdivisión geográfica España-
Subdivisión cronológica S. XIX.
9 (RLIN) 136035
650 #4 - PUNTO DE ACCESO ADICIONAL DE MATERIA--TÉRMINO DE MATERIA
Término de materia o nombre geográfico como elemento de entrada Literatura española-
Subdivisión cronológica S.XIX.
9 (RLIN) 145943
830 0# - PUNTO DE ACCESO ADICIONAL DE SERIE-TÍTULO UNIFORME
Título uniforme Colección de los mejores autores españoles ;
Designación de volumen o secuencia 23-24
9 (RLIN) 186767
852 ## - LOCALIZACIÓN
Ubicación ES-MaACL
Número de control de estantería D-408-09
Nota libre . - Enc. hol.
Holdings
Estatus retirado Estado de pérdida Estado de daño No para préstamo Colección Biblioteca de origen Biblioteca actual Ubicación en estantería Fecha de adquisición Fuente de adquisición Total de préstamos Signatura topográfica completa Código de barras Visto por última vez Precio de reemplazo Tipo de ítem Koha
        Libros del s. XIX Biblioteca del Ateneo de Madrid Biblioteca del Ateneo de Madrid Sala Valle Inclán 17/01/2008     D-408-409 901168476 23/02/2023 23/02/2023 Libro impreso antiguo